Kabale University Library Catalogue

The measurement of sensation; (Record no. 5942)

MARC details
000 -LEADER
fixed length control field 00628cam a2200193 4500
005 - DATE AND TIME OF LATEST TRANSACTION
control field 20260202150557.0
008 - FIXED-LENGTH DATA ELEMENTS--GENERAL INFORMATION
fixed length control field 700810s1970 caua b 001 0 eng
020 ## - INTERNATIONAL STANDARD BOOK NUMBER
International Standard Book Number 520015274
040 ## - CATALOGING SOURCE
Original cataloging agency KABLIB
Transcribing agency KABLIB
Description conventions rda
082 00 - DEWEY DECIMAL CLASSIFICATION NUMBER
Classification number 152.1
Edition number 23
Item number SAV
100 1# - MAIN ENTRY--PERSONAL NAME
Personal name Savage, C. Wade.
9 (RLIN) 14993
245 14 - TITLE STATEMENT
Title The measurement of sensation;
Remainder of title a critique of perceptual psychophysics
Statement of responsibility, etc. C. Wade Savage.
260 ## - PUBLICATION, DISTRIBUTION, ETC.
Place of publication, distribution, etc. Berkeley,
Name of publisher, distributor, etc. University of California Press,
Date of publication, distribution, etc. c1970.
300 ## - PHYSICAL DESCRIPTION
Extent x, 578 p. :
Other physical details ill. ;
Dimensions 24 cm.
504 ## - BIBLIOGRAPHY, ETC. NOTE
Bibliography, etc. note Bibliography: p. [549-563], index.
650 #0 - SUBJECT ADDED ENTRY--TOPICAL TERM
Topical term or geographic name entry element Psychometrics.
650 #0 - SUBJECT ADDED ENTRY--TOPICAL TERM
Topical term or geographic name entry element Psychophysics.
9 (RLIN) 14994
942 ## - ADDED ENTRY ELEMENTS (KOHA)
Source of classification or shelving scheme Dewey Decimal Classification
Koha item type Book
Holdings
Withdrawn status Lost status Source of classification or shelving scheme Damaged status Not for loan Home library Current library Shelving location Date acquired Source of acquisition Total Checkouts Full call number Barcode Date last seen Price effective from Koha item type
    Dewey Decimal Classification     Education Library Education Library Open Access Section 02.02.2026 Donation   152.1 SAV 14382 02.02.2026 02.02.2026 Book

Kabale University Library | Kabale University P.O Box 317, Kabale, Uganda
Tel : +256754017033, +256774661503 E-mail : library@kab.ac.ug